书目信息 |
| 题名: |
侬是江南踏浪儿
|
|
| 作者: | 孙昌建, 著 | |
| 分册: | ||
| 出版信息: | 杭州 杭州出版社 2021.12 |
|
| 页数: | 253页 | |
| 开本: | 24cm | |
| 丛书名: | 杭州优秀传统文化丛书 | |
| 单 册: | ||
| 中图分类: | K825.4 | |
| 科图分类: | ||
| 主题词: | 文化--wen hua--名人--生平事迹--杭州 | |
| 电子资源: | ||
| ISBN: | 978-7-5565-1574-5 | |
| 000 | 01455nam 2200265 450 | |
| 001 | 26720 | |
| 005 | 20220920152220.64 | |
| 010 | @a978-7-5565-1574-5@dCNY58.00 | |
| 100 | @a20220317d2021 em y0chiy50 ea | |
| 101 | 0 | @achi |
| 102 | @aCN@b330000 | |
| 105 | @aa a 000yd | |
| 200 | 1 | @a侬是江南踏浪儿@Anong shi jiang nan ta lang er@f孙昌建著 |
| 210 | @a杭州@c杭州出版社@d2021.12 | |
| 215 | @a253页@c图 (部分彩图)@d24cm | |
| 225 | 2 | @a杭州优秀传统文化丛书@Ahang zhou you xiu chuan tong wen hua cong shu |
| 314 | @a孙昌建, 一级作家。中国作家协会会员, 浙江省作家协会诗歌专委会主任, 杭州市作家协会副主席。 | |
| 320 | @a有书目 (第251-253页) | |
| 330 | @a一座城市的气质除了受地理环境影响外, 还受出现在这方水土上的人的影响, 其中文化名人的作用显得更为持久和深远。《侬是江南踏浪儿》共收有30个杭州文化名人事迹, 并根据个人特质归为5章: 湖山有幸 (苏小小、白居易、苏东坡、林和靖、陆游、张岱) 、浩气长存 (岳飞、文天祥、于谦、张苍水、秋瑾) 、湖上大家 (袁枚、阮元、袭自珍、俞曲园、林启、章太炎) 、山高水长 (严光、钱鏐、范仲淹、黄公望) 、千古风流 (陆羽、沈括、洪升、李渔、陈端生、胡雪岩、丁氏兄弟、苏曼殊) 。它梳理了杭州文脉的渊源, 标点了文化大家在历史时空中的坐标位置和现实影响, 兼具史实性和可读性。一册在手, 满室芬芳。 | |
| 410 | 0 | @12001 @a杭州优秀传统文化丛书 |
| 606 | 0 | @a文化@Awen hua@x名人@x生平事迹@y杭州 |
| 690 | @aK825.4@v5 | |
| 701 | 0 | @a孙昌建,@Asun chang jian@f1960-@4著 |
| 801 | 0 | @aCN@c20220910 |
| 905 | @a河南城建学院图书馆@dK825.4@eS900@f2 | |
| 侬是江南踏浪儿/孙昌建著.-杭州:杭州出版社,2021.12 |
| 253页:图 (部分彩图);24cm.-(杭州优秀传统文化丛书) |
| ISBN 978-7-5565-1574-5:CNY58.00 |
| 一座城市的气质除了受地理环境影响外, 还受出现在这方水土上的人的影响, 其中文化名人的作用显得更为持久和深远。《侬是江南踏浪儿》共收有30个杭州文化名人事迹, 并根据个人特质归为5章: 湖山有幸 (苏小小、白居易、苏东坡、林和靖、陆游、张岱) 、浩气长存 (岳飞、文天祥、于谦、张苍水、秋瑾) 、湖上大家 (袁枚、阮元、袭自珍、俞曲园、林启、章太炎) 、山高水长 (严光、钱鏐、范仲淹、黄公望) 、千古风流 (陆羽、沈括、洪升、李渔、陈端生、胡雪岩、丁氏兄弟、苏曼殊) 。它梳理了杭州文脉的渊源, 标点了文化大家在历史时空中的坐标位置和现实影响, 兼具史实性和可读性。一册在手, 满室芬芳。 |
| ● |
| 相关链接 |
|
|
|
正题名:侬是江南踏浪儿
索取号:K825.4/S900
 
预约/预借
| 序号 | 登录号 | 条形码 | 馆藏地/架位号 | 状态 | 备注 |
| 1 | 1578101 | 215781018 | 社科库309/309社科库 49排7列6层/ [索取号:K825.4/S900] | 在馆 | |
| 2 | 1578102 | 215781027 | 社科库309/309社科库 49排7列6层/ [索取号:K825.4/S900] | 在馆 |